000 00567nam a2200193Ia 4500
005 20250508154921.0
008 008 250505s9999 xx 000 0 eng d
037 _aTextual
040 _aFEDL
_beng
_cFEDL
041 _aeng
_2eng
084 _a150, GUT
_qFEDL
100 _aGuthrie Robert V
_983731
245 0 _aPsychology in the world today: An interdisciplinary approach
260 _aReading, MA
_bAddison-Wesley Publishing Company
_c1968
300 _ax,387p.
650 _aPsychology
942 _cTEXL
_h150, GUT
999 _c1352806
_d1352806